000 00332nam a22001457a 4500
003 SGT
020 _a9780195665031
082 _a340.520 954,MEN
100 _aMENSKI,WERNER
245 _aHINDU LAW BYOND TRADITION AND MODERNITY
260 _aNEW DELHI
_bOXFORD
_c2003
300 _a648
650 _aHINDU LAW
942 _2ddc
_cBK
999 _c10516
_d10516